00772cam a2200229 i 4500001000500000005001700005020001500022040002300037050001200060082001400072100001900086245006500105260003500170300004700205500002000252505000800272520015600280521002100436521002000457650003200477650003300509316720250815094001.0 a059008531X aDLCcDLCdDLCbeng00a551.57600aQC921.D461 aDePaola, Tomie14aThe cloud book :bwords and pictures /cby De Paola, Tomie  aNew York :bScholastic, c1975 a30 pages : bcolor illustrations ;c23 cm. aIncludes index. aQ  aIntroduces the ten most common types of clouds, the myths that have been inspired by their shapes, and what they can tell about coming weather changes. a680 bLexile  aQ bRaz-Plus  0aCloudsvJuvenile literature 1aClouds.vJuvenile literature